It looks like you're offline.
Open Library logo
additional options menu

MARC Record from Library of Congress

Record ID marc_loc_2016/BooksAll.2016.part01.utf8:899286:1172
Source Library of Congress
Download Link /show-records/marc_loc_2016/BooksAll.2016.part01.utf8:899286:1172?format=raw

LEADER: 01172cam a22002051 4500
001 00004715
003 DLC
005 20041130114137.0
008 730409s1900 xx 000 0 eng
010 $a 00004715
035 $a(OCoLC)599494
040 $aDLC$cOKentU$dDLC
050 00 $aPZ3.H318$bMo 14$aPS1863
100 1 $aHawthorne, Nathaniel,$d1804-1864.
245 10 $aMosses from an old manse,$cby Nathaniel Hawthorne; with an introduction by Katharine Lee Bates.
260 $aNew York,$bT. Y. Crowell & co.$c[c1900]
300 $a2 v.$bfronts.$c16 cm.
505 0 $av. 1. The old manse. The birthmark. A select party. Young Goodman Brown. Rappaccini's daughter. Mrs. Bullfrog. Fireworship. Buds and bird-voices. Monsieur du Miroir. The hall of fantasy. The celestial railroad. The procession of life.--v. 2. The new Adam and Eve. Egotism; or, The bosom serpent. The Christmas banquet. Drowne's wooden image. The intelligence office. Roger Malvin's burial. P.'s correspondence. Earth's holocaust. The old apple-dealer. The artist of the beautiful. A virtuoso's collection.
651 0 $aNew England$xSocial life and customs$vFiction.
700 1 $aBates, Katharine Lee,$d1859-1929.